| 000 | 00568nam a2200181Ia 4500 | ||
|---|---|---|---|
| 003 | GCL | ||
| 008 | 140319s9999 xx 000 0 ara d | ||
| 040 |
_aGCL / _cGCL |
||
| 082 | 0 | 4 |
_a414 _bص ا |
| 100 | 1 | _aصباح عبيد درانة | |
| 245 | 1 | 0 |
_aالاساليب الانشائية واسرارها البلاغية فى القران الكريم / _cصباح عبيد درانة |
| 300 | _a289 ص | ||
| 490 | _a | ||
| 650 | 0 | 4 | _aاللغة العربية |
| 650 | 0 | 4 | _aالبلاغة العربية |
| 650 | 0 | 4 | _aالقران - بلاغة |
| 942 |
_2ddc _cBK |
||
| 999 |
_c37850 _d37850 |
||